000
00243nam a2200097Ia 4500
008
240625s9999 xx 000 0 und d
041
_a
eng
082
_a
808.20 CHA
100
_a
CHANDANI DHYEY
245
_a
ONLINE PRODUCT DEVELOPMENT IN ROADS LESS
999
_c
38067
_d
38067